00377 a2200097 4500001001000000005001700010008004100027245011900068100002100187773007100208ART_2897720260410161951.0260409a 10aEn torno a la responsabilidad contable y tributaria del fiduciario como administrador del patrimonio fideicomitido1 aPapa, Rodolfo G.0 tTemas de derecho comercialg- Año 1, Nº 4 (abr. 2015)wREV28151